|
|
|
|
| LEADER |
00000naa2a2200000 4500 |
| 001 |
603162 |
| 005 |
20260226131201.0 |
| 035 |
|
|
|a (RuTPU)RU\TPU\conf\311
|
| 035 |
|
|
|a RU\TPU\conf\305
|
| 090 |
|
|
|a 603162
|
| 100 |
|
|
|a 20131217d2013 k y0rusy50 ca
|
| 101 |
0 |
|
|a rus
|
| 102 |
|
|
|a RU
|
| 135 |
|
|
|a drnn ---uucaa
|
| 181 |
|
0 |
|a i
|
| 182 |
|
0 |
|a b
|
| 200 |
1 |
|
|a Анализ средств разработки информационной системы для сопровождения профориентационной деятельности ВУЗа
|f О. Д. Сабитов
|g науч. рук. О. Н. Фисоченко
|
| 203 |
|
|
|a Текст
|c электронный
|
| 225 |
1 |
|
|a Новые образовательные технологии в области контроля и управления
|
| 300 |
|
|
|a Заглавие с титульного экрана
|
| 320 |
|
|
|a [Библиогр.: с. 67 (5 назв.)]
|
| 337 |
|
|
|a Adobe Reader
|
| 461 |
|
1 |
|0 (RuTPU)RU\TPU\conf\171
|t Ресурсоэффективные системы в управлении и контроле: взгляд в будущее
|o сборник научных трудов II Международной конференции школьников, студентов, аспирантов, молодых ученых, 08 - 12 октября 2013 г.
|o в 4 ч.
|f Национальный исследовательский Томский политехнический университет (ТПУ)
|d 2013
|
| 463 |
|
1 |
|0 (RuTPU)RU\TPU\conf\290
|t Ч. 3
|v [С. 65-67]
|d 2013
|
| 610 |
1 |
|
|a труды учёных ТПУ
|
| 610 |
1 |
|
|a электронный ресурс
|
| 610 |
1 |
|
|a информационные системы
|
| 610 |
1 |
|
|a профориентационная работа
|
| 610 |
1 |
|
|a вузы
|
| 700 |
|
1 |
|a Сабитов
|b О. Д.
|
| 702 |
|
1 |
|a Фисоченко
|b О. Н.
|c ассистент
|c Юргинский технологический институт (филиал) Томского политехнического университета
|g Оксана Николаевна
|4 727
|
| 712 |
0 |
2 |
|a Национальный исследовательский Томский политехнический университет (ТПУ)
|b Юргинский технологический институт (филиал) (ЮТИ)
|b Кафедра информационных систем (ИС)
|3 (RuTPU)RU\TPU\col\18893
|
| 801 |
|
2 |
|a RU
|b 63413507
|c 20131217
|g RCR
|
| 856 |
4 |
|
|u http://www.lib.tpu.ru/fulltext/c/2013/C47/V3/026.pdf
|
| 942 |
|
|
|c BK
|